|
|
|
|
| LEADER |
00000nab a2200000 a 4500 |
| 001 |
vtls000575395 |
| 003 |
SK-MaSNL |
| 005 |
20260303165503.0 |
| 008 |
140301c1995 xo 0 slo |
| 015 |
|
|
|a SNBRB19rr/mm-uuuuu
|
| 035 |
|
|
|a CL0575533
|
| 040 |
|
|
|a SNKBUCL
|b slo
|c SNKBUCL
|e AACR2
|
| 041 |
0 |
|
|a slo
|
| 044 |
|
|
|a xo
|c SK
|
| 080 |
|
|
|a 72:711.2:504.06
|2 1981
|
| 080 |
|
|
|a 711.2
|2 1981
|
| 080 |
|
|
|a 504.06
|2 1981
|
| 100 |
1 |
|
|a Pifko, Henrich,
|d 1959-
|4 aut
|9 223453
|
| 245 |
1 |
0 |
|a Regionalistické inšpirácie ekologicky viazanej tvorby
|c Henrich Pifko
|
| 300 |
|
|
|b Obr. 7
|
| 650 |
0 |
7 |
|a architektúra regionálna
|2 snkbucl
|9 898815
|
| 655 |
|
7 |
|a články z novín a časopisov
|2 snkbucl
|9 267496
|
| 773 |
0 |
|
|t Projekt
|g Roč. 37, č. 6 (1995), s. 49-50
|
| 850 |
|
|
|a Slovenská národná knižnica v Martine
|a MTA001
|
| 852 |
|
|
|a SNK
|b KIS3GCP
|
| 958 |
|
|
|a RK
|
| 992 |
|
|
|a RBX
|
| 999 |
|
|
|c 2071998
|d 2073928
|